| 000 | 00491nam a22001577a 4500 | ||
|---|---|---|---|
| 005 | 20250208162612.0 | ||
| 008 | 250208b |||||||| |||| 00| 0 eng d | ||
| 020 | _a9780781764148 | ||
| 050 |
_aRC711 _b.W469 |
||
| 100 | _aWest, John B. | ||
| 245 |
_aPulmonary Pathophysiology/ _bthe essentials _cJohn B. West |
||
| 250 | _a7th ed. | ||
| 260 |
_aPhiladelphia _bWolters Kluwer/ Lippincott Williams & Wilkins _c2008 |
||
| 300 |
_avii. 199p. _bill. some color _c23.5cm |
||
| 942 |
_2lcc _cBK _e7th ed. _n0 |
||
| 999 |
_c3693 _d3693 |
||